Statistiche per Province Italiane e Città Metropolitane - Prime due lettere in 120 secondi

Clicka qui per fare il quiz!

Statistiche generali

  • Questo quiz è stato fatto 1.506 volte
  • Il punteggio medio è 80 su 107

Statistiche sulle risposte

HintRisposta% Corretto
ToscanaMassa-Carrara
97%
SardegnaCagliari (Città Metropolitana)
95%
SiciliaCaltanissetta
95%
MoliseCampobasso
95%
CampaniaCaserta
95%
SiciliaCatania (Città Metropolitana)
95%
CalabriaCatanzaro
95%
PugliaBarletta-Andria-Trani
91%
AbruzzoL'Aquila
91%
LombardiaMonza e Brianza
91%
PiemonteVerbano-Cusio-Ossola
90%
Emilia-RomagnaBologna (Città Metropolitana)
89%
Trentino-Alto Adige/SüdtirolBolzano
89%
LazioRoma (Città Metropolitana)
89%
VenetoRovigo
89%
VenetoPadova
88%
SiciliaPalermo (Città Metropolitana)
88%
Emilia-RomagnaParma
88%
LombardiaPavia
88%
MarcheMacerata
87%
LombardiaMantova
87%
BasilicataMatera
87%
UmbriaPerugia
87%
MarchePesaro-Urbino
87%
AbruzzoPescara
87%
Friuli-Venezia GiuliaPordenone
87%
BasilicataPotenza
87%
SardegnaSud Sardegna
87%
LiguriaLa Spezia
86%
CampaniaSalerno
86%
SardegnaSassari
86%
LiguriaSavona
86%
SiciliaTrapani
86%
Trentino-Alto Adige/SüdtirolTrento
86%
VenetoTreviso
86%
Friuli-Venezia GiuliaTrieste
86%
LombardiaMilano (Città Metropolitana)
85%
LazioLatina
84%
VenetoVenezia (Città Metropolitana)
84%
PiemonteVercelli
84%
VenetoVerona
84%
CalabriaVibo Valentia
83%
VenetoVicenza
83%
LazioViterbo
83%
VenetoBelluno
82%
CampaniaBenevento
82%
LombardiaBergamo
82%
LazioRieti
82%
Emilia-RomagnaRimini
82%
Emilia-RomagnaPiacenza
81%
ToscanaPisa
81%
ToscanaPistoia
81%
PiemonteTorino (Città Metropolitana)
81%
LombardiaComo
80%
CalabriaCosenza
80%
CampaniaNapoli (Città Metropolitana)
80%
CalabriaReggio Calabria (Città Metropolitana)
80%
Emilia-RomagnaReggio Emilia
80%
PugliaLecce
79%
LombardiaLecco
79%
Emilia-RomagnaModena
78%
LiguriaGenova (Città Metropolitana)
77%
AbruzzoTeramo
77%
UmbriaTerni
77%
PugliaBari (Città Metropolitana)
75%
ToscanaFirenze (Città Metropolitana)
73%
LombardiaBrescia
70%
PugliaBrindisi
70%
SiciliaRagusa
70%
Emilia-RomagnaRavenna
70%
MarcheAscoli Piceno
69%
PiemonteAsti
69%
LombardiaCremona
69%
CalabriaCrotone
69%
PugliaFoggia
68%
MarcheFermo
67%
Emilia-RomagnaFerrara
67%
Friuli-Venezia GiuliaGorizia
66%
ToscanaSiena
66%
SiciliaSiracusa
66%
PiemonteCuneo
65%
Friuli-Venezia GiuliaUdine
65%
PiemonteAlessandria
63%
ToscanaLivorno
63%
PiemonteBiella
59%
LiguriaImperia
59%
PiemonteNovara
59%
AbruzzoChieti
58%
LombardiaLodi
58%
MarcheAncona
57%
LazioFrosinone
57%
LombardiaVarese
57%
ToscanaLucca
56%
SiciliaMessina (Città Metropolitana)
56%
PugliaTaranto
56%
MoliseIsernia
55%
LombardiaSondrio
55%
Emilia-RomagnaForlì-Cesena
54%
Valle d'AostaAosta
52%
CampaniaAvellino
52%
ToscanaPrato
50%
ToscanaArezzo
48%
ToscanaGrosseto
44%
SardegnaNuoro
41%
SiciliaAgrigento
38%
SiciliaEnna
38%
SardegnaOristano
35%

Distribuzione punteggi

Percentile per numero di risposta

Percentuale di utenti per punteggio

I tuoi punteggi nel tempo

Non hai fatto questo quiz